000 00820nas a22002177a 4500
003 NALT
005 20250814141151.0
006 a|||||o|||| 00| 0
007 c| aa aaaaa
008 220831b th |||p| |||| 00| 0 tha d
040 _aNALT
245 _aรัสเซียศึกษา
260 _aศูนย์รัสเซียศึกษาแห่งจุฬาลงกรณ์มหาวิทยาลัย
310 _aรายหกเดือน
500 _aวารสารอิเล็กทรอนิกส์
650 0 _955496
_aมนุษยศาสตร์และสังคมศาสตร์
850 _aNALT
856 _uhttp://www.crs.chula.ac.th/index.php/th/2013-12-25-02-06-21
942 _cEJN
_s1
_01
996 _ajintana.i
_bSERSTF
_c2025-08-14
999 _c100644
_d100644
998 _j755
_k นางจินตนา เอี่ยมคง